Договір переробки давальницької сировини (Запис № 463704)
[ простий вигляд ]
| 000 -Лідер | |
|---|---|
| fixed length control field | 03226nam a22002657a 4500 |
| 001 - Контрольний номер | |
| control field | 216219556 |
| 003 - Ідентифікатор контрольного номера | |
| control field | UA-OsUOA |
| 005 - Дата та час останнього входження (трансакції) | |
| control field | 20210101185550.0 |
| 008 - Елементи даних фіксованої довжини – загальна інформація | |
| fixed length control field | 201030b un ||||| m||| 00| 0 ukr d |
| 040 ## - Джерело каталогізації | |
| Агенція оригінальної каталогізації | UA-OsUOA |
| Мова каталогізації | ukr |
| Агенція, яка здійснювала перезапис | UA-OsUOA |
| Агенція, яка здійснювала модифікацію | UA-OsUOA |
| 041 ## - Код мови | |
| Код мови тексту/ звукової доріжки чи окремого заголовка (П) | ukr |
| 080 ## - Індекс Універсальної десяткової класифікації | |
| Індекс Універсальної десяткової класифікації (УДК) (НП) | 347.44 |
| 090 ## - Локальний шифр розміщення | |
| Класифікаційний індекс УДК | 347.44 |
| 095 ## - Код спеціальності для авторефератів | |
| Код спеціальності | 12.00.03 |
| Назва спеціальності | цивільне право і цивільний процес; сімейне право; міжнародне приватне право |
| 100 ## - Основне введення – ім’я особи | |
| Ім’я особи (НП) | Бабіч І. В. |
| 245 ## - Відомості про назву | |
| Назва (НП) | Договір переробки давальницької сировини |
| Дані про відповідальність (НП) | Бабіч Ія Володимирівна ; наук. керівник Шишка Роман Богданович |
| 260 ## - Публікація, розповсюдження і т.п. (Вихідні дані) | |
| Місце публікації, розповсюдження і т.п. (П) | Київ |
| Дата публікації, розповсюдження і т.п. (П) | 2006 |
| 300 ## - Фізичний опис | |
| Обсяг | 20 с. |
| 502 ## - Примітка про дисертацію | |
| Зв'язок | Автореферат дисертації на здобуття наукового ступеня кандидата юридичних наук<br/> |
| Наймення інституції, що представляється | Науково-дослідний інститут приватного права і підприємництва Академії правових наук України |
| Рік отримання вченого ступеня | 2006 |
| 520 ## - Резюме і т.п. | |
| Резюме, реферат, анотація, тощо (НП) | Дисертація присвячена комплексному дослідженню відносин, які виникають за договором переробки давальницької сировини. Визначено поняття, правова природа договору переробки давальницької сировини, а також його місце в системі цивільно-правових договорів. Розглянуто правову природу та зміст діяльності виконавця з переробки давальницької сировини. <br/>Особлива увага приділяється дослідженню предмету договору, умовам договору переробки давальницької сировини. Визначено правову характеристику суб’єктного складу аналізованого договору. Наголошено на особливостях давальницької сировини та підрядному характері договору. Проведено аналіз змісту договору переробки давальницької сировини як правовідносин і визначено наслідки невиконання або неналежного виконання обов’язків сторін за договором. <br/>Автором обґрунтовано і запропоновано наукові теоретичні та практичні рекомендації і пропозиції щодо вдосконалення законодавчого врегулювання відносин за договором переробки давальницької сировини. |
| 650 ## - Додаткове предметне введення – тематичний термін | |
| Джерело заголовка чи терміна | UDC |
| Тематичний термін чи географічна назва, як елемент введення (НП) | 347 Цивільне право |
| 942 ## - Додаткові елементи входу (Коха) | |
| Source of classification or shelving scheme | Universal Decimal Classification |
| Тип елемента Koha | Автореферат |
| 955 ## - Код типу видання за змістом | |
| Код типу видання за змістом (НП) | Наукові видання |
Немає доступних примірників.